| 000 | 01128cam a2200337ui 4500 | ||
|---|---|---|---|
| 001 | 4432326 | ||
| 003 | ARRUPE | ||
| 005 | 20131008172416.0 | ||
| 008 | 780418s1978 enk b 000 0 eng d | ||
| 020 | _a0334011876 | ||
| 035 | _a(OCoLC)3809942 | ||
| 035 | _a(OCoLC)ocm03809942 | ||
| 035 | _a(NNC)4432326 | ||
| 040 |
_aMNtcA _cMNtcA _dNNUT _dCStRLIN |
||
| 041 | 1 |
_aeng _hger |
|
| 050 |
_aBV603 _b.M43 1978 |
||
| 090 |
_aBV603 _b.M43 1978 |
||
| 100 | 1 |
_aMoltmann, Jürgen. _92284 |
|
| 245 | 1 | 4 |
_aThe open church : _binvitation to a messianic lifestyle / _cJürgen Moltmann ; [translated with an introd. by M. Douglas Meeks]. |
| 250 | _a1st British ed. | ||
| 260 |
_aLondon : _bSCM Press, _c1978. |
||
| 300 |
_a128 p. ; _c23 cm. |
||
| 500 | _aA freely adapted translation of Neuer Lebensstil: Schritte zur Gemeinde. | ||
| 500 | _aAmerican ed. published under title: The passion for life: a messianic lifestyle. | ||
| 504 | _aIncludes bibliographical references. | ||
| 650 | 0 |
_aChurch. _92285 |
|
| 650 | 0 |
_aChristian life. _92286 |
|
| 700 | 1 |
_aMeeks, M. Douglas. _92287 |
|
| 942 |
_2lcc _cMONOGRAPH |
||
| 999 |
_c118290 _d118290 |
||